01387cam a22003257a 4500003000500000005001700005008004100022010001000063011001000073035001000083040000900093082001500102111010700117245008400224260006000308300004800368590004100416590004200457650002300499650002800522700002600550901000700576905002600583942001000609949006500619949007800684999001700762952014200779952014000921CHAP20220329142247.0000004d1994 us ab r 00110 eng d a80688 a81660 a92135 cCHAP04a634.9bS9200aSymposium on Giant Sequoias : their place and the Ecosystem and Societyd(1992 :cVisalia, CA)911100810aProceedings of the symposium on giant sequoias......c/coord. by Philip S. Aune aAlbany, CA : Pacific Southwest Research Station,c1994. a170 p. :bilus. ; gráfs. ; mapas ; tablas aBATCH-UPDb10c20130110lUCH01h0531 aCONVERSIONb10c20130109lUCH01h134514aEcosistema.93529014aSequoiadendron.910451000aAune, Philip S.98339 aBK aAlejandra Carrasco M. cLIBRO a634.9 S92bBCcLIBROd33724000764759eLIBROh94910i92135sb a634.9 S92bBCcLIBROd33724002119728eLIBROfc.2gI.c/eh111400i92135sb c80688d80688 00102ddc4052708GRALaBCbBCcPP_GRALd2019-12-31eI.c/efLIBROl0o634.9 S92p33724000764759r2019-12-31 00:00:00w2019-12-31yLIBRO 00102ddc4052708GRALaBCbBCcPP_GRALd2019-12-31fLIBROl0o634.9 S92p33724002119728r2019-12-31 00:00:00tc.2w2019-12-31yLIBRO